Tanjore district handbook (Record no. 487345)

000 -LEADER
fixed length control field 00300cam a22001097a 4500
008 - FIXED-LENGTH DATA ELEMENTS--GENERAL INFORMATION
fixed length control field 180718b1957 xxu||||| |||| 00| 0 eng d
082 ## - DEWEY DECIMAL CLASSIFICATION NUMBER
Classification number A6x5452 M267t
245 ## - TITLE STATEMENT
Title Tanjore district handbook
Statement of responsibility, etc. by B.S. Baliga
260 ## - PUBLICATION, DISTRIBUTION, ETC.
Place of publication, distribution, etc. Madras
Name of publisher, distributor, etc. Government of Madras
Date of publication, distribution, etc. 1957
300 ## - PHYSICAL DESCRIPTION
Extent 464+p.
700 ## - ADDED ENTRY--PERSONAL NAME
Personal name Baliga, B.S.
Holdings
Withdrawn status Lost status Damaged status Not for loan Permanent Location Current Location Date acquired Full call number Barcode Date last seen Price effective from Koha item type
        Indian Institute of Public Administration Indian Institute of Public Administration 2018-08-04 A6x5452 M267t G425 2018-08-04 2018-08-04 G

Powered by Koha